<?xml version="1.0" encoding="UTF-8"?>
<record
    xmlns:xsi="http://www.w3.org/2001/XMLSchema-instance"
    xsi:schemaLocation="http://www.loc.gov/MARC21/slim http://www.loc.gov/standards/marcxml/schema/MARC21slim.xsd"
    xmlns="http://www.loc.gov/MARC21/slim">

  <leader>00429nam a22001697a 4500</leader>
  <controlfield tag="003">OSt</controlfield>
  <controlfield tag="008">240402b        |||||||| |||| 00| 0 eng d</controlfield>
  <datafield tag="020" ind1=" " ind2=" ">
    <subfield code="a">9789355735195</subfield>
  </datafield>
  <datafield tag="082" ind1=" " ind2=" ">
    <subfield code="a">543 SKF</subfield>
  </datafield>
  <datafield tag="100" ind1=" " ind2=" ">
    <subfield code="a">SKOOG, DOUGLAS.A</subfield>
  </datafield>
  <datafield tag="245" ind1=" " ind2=" ">
    <subfield code="a">FUNDAMENTALS OF ANALYTICAL CHEMISTRY</subfield>
  </datafield>
  <datafield tag="250" ind1=" " ind2=" ">
    <subfield code="a">10th</subfield>
  </datafield>
  <datafield tag="260" ind1=" " ind2=" ">
    <subfield code="a">New Delhi</subfield>
    <subfield code="b">CENGAGE </subfield>
    <subfield code="c">2023</subfield>
  </datafield>
  <datafield tag="300" ind1=" " ind2=" ">
    <subfield code="a">xv,933,I-24</subfield>
  </datafield>
  <datafield tag="650" ind1=" " ind2=" ">
    <subfield code="a">PHARMACEUTICS ORGANIC CHEMISTRY-I</subfield>
  </datafield>
  <datafield tag="942" ind1=" " ind2=" ">
    <subfield code="2">ddc</subfield>
    <subfield code="c">BK</subfield>
  </datafield>
  <datafield tag="999" ind1=" " ind2=" ">
    <subfield code="c">12383</subfield>
    <subfield code="d">12383</subfield>
  </datafield>
  <datafield tag="952" ind1=" " ind2=" ">
    <subfield code="0">0</subfield>
    <subfield code="1">0</subfield>
    <subfield code="2">ddc</subfield>
    <subfield code="4">0</subfield>
    <subfield code="7">0</subfield>
    <subfield code="8">BP</subfield>
    <subfield code="a">PIET</subfield>
    <subfield code="b">PIET</subfield>
    <subfield code="d">2024-04-02</subfield>
    <subfield code="e">ZAFAA BOOKS </subfield>
    <subfield code="f">RUPEES</subfield>
    <subfield code="g">1250.00</subfield>
    <subfield code="k">ZBDO459</subfield>
    <subfield code="l">0</subfield>
    <subfield code="o">543 SKF</subfield>
    <subfield code="p">BP2437</subfield>
    <subfield code="r">2024-04-02 00:00:00</subfield>
    <subfield code="v">900.00</subfield>
    <subfield code="w">2024-03-23</subfield>
    <subfield code="y">REF</subfield>
  </datafield>
  <datafield tag="952" ind1=" " ind2=" ">
    <subfield code="0">0</subfield>
    <subfield code="1">0</subfield>
    <subfield code="2">ddc</subfield>
    <subfield code="4">0</subfield>
    <subfield code="7">0</subfield>
    <subfield code="8">BP</subfield>
    <subfield code="a">PIET</subfield>
    <subfield code="b">PIET</subfield>
    <subfield code="d">2024-04-02</subfield>
    <subfield code="e">ZAFAA BOOKS </subfield>
    <subfield code="f">RUPEES</subfield>
    <subfield code="g">1250.00</subfield>
    <subfield code="k">ZBDO459</subfield>
    <subfield code="l">0</subfield>
    <subfield code="o">543 SKF</subfield>
    <subfield code="p">BP2438</subfield>
    <subfield code="r">2024-04-02 00:00:00</subfield>
    <subfield code="v">900.00</subfield>
    <subfield code="w">2024-03-23</subfield>
    <subfield code="y">BK</subfield>
  </datafield>
  <datafield tag="952" ind1=" " ind2=" ">
    <subfield code="0">0</subfield>
    <subfield code="1">0</subfield>
    <subfield code="2">ddc</subfield>
    <subfield code="4">0</subfield>
    <subfield code="7">0</subfield>
    <subfield code="8">BP</subfield>
    <subfield code="a">PIET</subfield>
    <subfield code="b">PIET</subfield>
    <subfield code="d">2024-04-02</subfield>
    <subfield code="e">ZAFAA BOOKS </subfield>
    <subfield code="f">RUPEES</subfield>
    <subfield code="g">1250.00</subfield>
    <subfield code="k">ZBDO459</subfield>
    <subfield code="l">0</subfield>
    <subfield code="o">543 SKF</subfield>
    <subfield code="p">BP2439</subfield>
    <subfield code="r">2024-04-02 00:00:00</subfield>
    <subfield code="v">900.00</subfield>
    <subfield code="w">2024-03-23</subfield>
    <subfield code="y">BK</subfield>
  </datafield>
  <datafield tag="952" ind1=" " ind2=" ">
    <subfield code="0">0</subfield>
    <subfield code="1">0</subfield>
    <subfield code="2">ddc</subfield>
    <subfield code="4">0</subfield>
    <subfield code="7">0</subfield>
    <subfield code="8">BP</subfield>
    <subfield code="a">PIET</subfield>
    <subfield code="b">PIET</subfield>
    <subfield code="d">2024-04-02</subfield>
    <subfield code="e">ZAFAA BOOKS </subfield>
    <subfield code="f">RUPEES</subfield>
    <subfield code="g">1250.00</subfield>
    <subfield code="k">ZBDO459</subfield>
    <subfield code="l">0</subfield>
    <subfield code="o">543 SKF</subfield>
    <subfield code="p">BP2440</subfield>
    <subfield code="r">2024-04-02 00:00:00</subfield>
    <subfield code="v">900.00</subfield>
    <subfield code="w">2024-03-23</subfield>
    <subfield code="y">BK</subfield>
  </datafield>
  <datafield tag="952" ind1=" " ind2=" ">
    <subfield code="0">0</subfield>
    <subfield code="1">0</subfield>
    <subfield code="2">ddc</subfield>
    <subfield code="4">0</subfield>
    <subfield code="7">0</subfield>
    <subfield code="8">BP</subfield>
    <subfield code="a">PIET</subfield>
    <subfield code="b">PIET</subfield>
    <subfield code="d">2024-04-02</subfield>
    <subfield code="e">ZAFAA BOOKS </subfield>
    <subfield code="f">RUPEES</subfield>
    <subfield code="g">1250.00</subfield>
    <subfield code="k">ZBDO459</subfield>
    <subfield code="l">0</subfield>
    <subfield code="o">543 SKF</subfield>
    <subfield code="p">BP2441</subfield>
    <subfield code="r">2024-04-02 00:00:00</subfield>
    <subfield code="v">900.00</subfield>
    <subfield code="w">2024-03-23</subfield>
    <subfield code="y">BK</subfield>
  </datafield>
  <datafield tag="952" ind1=" " ind2=" ">
    <subfield code="0">0</subfield>
    <subfield code="1">0</subfield>
    <subfield code="2">ddc</subfield>
    <subfield code="4">0</subfield>
    <subfield code="7">0</subfield>
    <subfield code="8">BP</subfield>
    <subfield code="a">PIET</subfield>
    <subfield code="b">PIET</subfield>
    <subfield code="d">2024-04-02</subfield>
    <subfield code="e">ZAFAA BOOKS </subfield>
    <subfield code="f">RUPEES</subfield>
    <subfield code="g">1250.00</subfield>
    <subfield code="k">ZBDO459</subfield>
    <subfield code="l">0</subfield>
    <subfield code="o">543 SKF</subfield>
    <subfield code="p">BP2442</subfield>
    <subfield code="r">2024-04-02 00:00:00</subfield>
    <subfield code="v">900.00</subfield>
    <subfield code="w">2024-03-23</subfield>
    <subfield code="y">BK</subfield>
  </datafield>
  <datafield tag="952" ind1=" " ind2=" ">
    <subfield code="0">0</subfield>
    <subfield code="1">0</subfield>
    <subfield code="2">ddc</subfield>
    <subfield code="4">0</subfield>
    <subfield code="7">0</subfield>
    <subfield code="8">BP</subfield>
    <subfield code="a">PIET</subfield>
    <subfield code="b">PIET</subfield>
    <subfield code="d">2024-04-02</subfield>
    <subfield code="e">ZAFAA BOOKS </subfield>
    <subfield code="f">RUPEES</subfield>
    <subfield code="g">1250.00</subfield>
    <subfield code="k">ZBDO459</subfield>
    <subfield code="l">0</subfield>
    <subfield code="o">543 SKF</subfield>
    <subfield code="p">BP2443</subfield>
    <subfield code="r">2024-04-02 00:00:00</subfield>
    <subfield code="v">900.00</subfield>
    <subfield code="w">2024-03-23</subfield>
    <subfield code="y">BK</subfield>
  </datafield>
  <datafield tag="952" ind1=" " ind2=" ">
    <subfield code="0">0</subfield>
    <subfield code="1">0</subfield>
    <subfield code="2">ddc</subfield>
    <subfield code="4">0</subfield>
    <subfield code="7">0</subfield>
    <subfield code="8">BP</subfield>
    <subfield code="a">PIET</subfield>
    <subfield code="b">PIET</subfield>
    <subfield code="d">2024-04-02</subfield>
    <subfield code="e">ZAFAA BOOKS </subfield>
    <subfield code="f">RUPEES</subfield>
    <subfield code="g">1250.00</subfield>
    <subfield code="k">ZBDO459</subfield>
    <subfield code="l">0</subfield>
    <subfield code="o">543 SKF</subfield>
    <subfield code="p">BP2444</subfield>
    <subfield code="r">2024-04-02 00:00:00</subfield>
    <subfield code="v">900.00</subfield>
    <subfield code="w">2024-03-23</subfield>
    <subfield code="y">BK</subfield>
  </datafield>
  <datafield tag="952" ind1=" " ind2=" ">
    <subfield code="0">0</subfield>
    <subfield code="1">0</subfield>
    <subfield code="2">ddc</subfield>
    <subfield code="4">0</subfield>
    <subfield code="7">0</subfield>
    <subfield code="8">BP</subfield>
    <subfield code="a">PIET</subfield>
    <subfield code="b">PIET</subfield>
    <subfield code="d">2024-04-02</subfield>
    <subfield code="e">ZAFAA BOOKS </subfield>
    <subfield code="f">RUPEES</subfield>
    <subfield code="g">1250.00</subfield>
    <subfield code="k">ZBDO459</subfield>
    <subfield code="l">0</subfield>
    <subfield code="o">543 SKF</subfield>
    <subfield code="p">BP2445</subfield>
    <subfield code="r">2024-04-02 00:00:00</subfield>
    <subfield code="v">900.00</subfield>
    <subfield code="w">2024-03-23</subfield>
    <subfield code="y">BK</subfield>
  </datafield>
  <datafield tag="952" ind1=" " ind2=" ">
    <subfield code="0">0</subfield>
    <subfield code="1">0</subfield>
    <subfield code="2">ddc</subfield>
    <subfield code="4">0</subfield>
    <subfield code="7">0</subfield>
    <subfield code="8">BP</subfield>
    <subfield code="a">PIET</subfield>
    <subfield code="b">PIET</subfield>
    <subfield code="d">2024-04-02</subfield>
    <subfield code="e">ZAFAA BOOKS </subfield>
    <subfield code="f">RUPEES</subfield>
    <subfield code="g">1250.00</subfield>
    <subfield code="k">ZBDO459</subfield>
    <subfield code="l">0</subfield>
    <subfield code="o">543 SKF</subfield>
    <subfield code="p">BP2446</subfield>
    <subfield code="r">2024-04-02 00:00:00</subfield>
    <subfield code="v">900.00</subfield>
    <subfield code="w">2024-03-23</subfield>
    <subfield code="y">BK</subfield>
  </datafield>
</record>
